000
00278nam a22001337a 4500
008
260305b ||||| |||| 00| 0 eng d
020
_a
9992732318
041
_a
eng
080
_a
2.1
100
_a
32.1
101
_a
Jur
245
_a
Pronësia
_c
Avni Shehu
942
_2
lcc
_c
BK
999
_c
60868
_d
60868